<?xml version="1.0" encoding="UTF-8"?>
<collection xmlns="http://www.loc.gov/MARC21/slim">
 <record>
  <leader>06558nam a2200481 a 4500</leader>
  <controlfield tag="001">kal3616</controlfield>
  <controlfield tag="003">Gr-AtHEAL</controlfield>
  <controlfield tag="005">20160426081548.0</controlfield>
  <controlfield tag="006">m        d        </controlfield>
  <controlfield tag="008">160413s2015    gr      s           gre|c</controlfield>
  <datafield tag="020" ind1=" " ind2=" ">
   <subfield code="a">9789606030949</subfield>
  </datafield>
  <datafield tag="040" ind1=" " ind2=" ">
   <subfield code="a">GR-AtHEAL</subfield>
   <subfield code="b">gre</subfield>
   <subfield code="c">GR-AtHEAL</subfield>
  </datafield>
  <datafield tag="082" ind1="0" ind2="4">
   <subfield code="a">738.3</subfield>
   <subfield code="2">23</subfield>
  </datafield>
  <datafield tag="100" ind1="1" ind2=" ">
   <subfield code="a">Αβραμίδου, Αμαλία.</subfield>
   <subfield code="8">1385</subfield>
  </datafield>
  <datafield tag="245" ind1="1" ind2="0">
   <subfield code="a">Αττική κεραμική - εικονογραφία, εμπόριο και αλληλεπιδράσεις μεταξύ Αθήνας και Θράκης</subfield>
   <subfield code="h">[Ηλεκτρονικός πόρος] </subfield>
   <subfield code="c">Αβραμίδου, Αμαλία ; Τσιαφάκη, Δέσποινα ; Κριτικός αναγνώστης,Κεφαλίδου, Ευρυδίκη ; Γραφιστική επιμέλεια,Βελένης, Μιχαήλ ; Τεχνική επιμέλεια,Κυδωνάκης, Άρης.</subfield>
  </datafield>
  <datafield tag="260" ind1=" " ind2=" ">
   <subfield code="a">Αθήνα :</subfield>
   <subfield code="b">Σύνδεσμος Ελληνικών Ακαδημαϊκών Βιβλιοθηκών,</subfield>
   <subfield code="c">c2015.</subfield>
  </datafield>
  <datafield tag="490" ind1=" " ind2=" ">
   <subfield code="a">Ακαδημαϊκά Ηλεκτρονικά Συγγράμματα και Βοηθήματα Κάλλιπος</subfield>
   <subfield code="8">40</subfield>
  </datafield>
  <datafield tag="520" ind1=" " ind2=" ">
   <subfield code="a">Το προτεινόμενο σύγγραμμα έχει δύο στόχους: α) την εισαγωγή προπτυχιακών φοιτητών στις βασικές παραμέτρους μελέτης της αρχαίας ελληνικής κεραμικής με έμφαση στα σχήματα, τεχνοτροπία και θεματολογία των αττικών αγγειών της αρχαϊκής και κλασικής εποχής, και β) την ανάλυση της θρακικής εικονογραφίας βάσει αντιπροσωπευτικών αττικών αγγείων, διακοσμημένων με θέματα που αντανακλούν τις αλληλοπεπιδράσεις μεταξύ Αθήνας και Θράκης. Ο διττός ρόλος ενός τέτοιου συγγράμματος έρχεται να προσθέσει μια νέα προσέγγιση στην έρευνα της αρχαίας Θράκης, δίνοντας την ευκαιρία στους φοιτητές να εξοικειωθούν τόσο με την αττική κεραμική και αγγειογραφία, όσο και με τη θρακική μυθολογία και τα εκάστοτε ιστορικά και κοινωνικά συμφραζόμενα των δύο περιοχών (Αθήνα-Θράκη). Το σύγγραμμα δεν ακολουθεί μια μονομερή τεχνοϊστορική προσέγγιση του υλικού, αλλά επεισέρχεται σε θέματα εμπορίου και πολιτιστικών επαφών μεταξύ των δύο περιοχών, με στόχο την σκιαγράφηση ενός συνολικού πλαισίου μέσα στο οποίο εξελίχθηκε η θρακική εικονογραφία. Επομένως, το σύγγραμμα είναι κατάλληλο και για πιο εξειδικευμένους αναγνώστες (μεταπτυχιακούς φοιτητές, διδάσκοντες), αλλά και για αγγλόφωνα προγράμματα, χάρη στην αγγλική μετάφραση του κάθε κεφαλαίου. Το βιβλίο απαρτίζεται από επτά κεφάλαια, εκ των οποίων τα δύο πρώτα πραγματεύονται τη σημασία της κεραμικής στη μελέτη του αρχαίου ελληνικού πολιτισμού, και ειδικότερα το ρόλο των αττικών αγγείων (κεφ. 1, 2). Ακολουθεί ένα πιο εξειδικευμένο κεφάλαιο με τις αλληλεπιδράσεις Αθήνας και Θράκης (κεφ. 3) και έπεται η ανάλυση αντιπροσωπευτικών αττικών αγγείων με θρακική εικονογραφία (κεφ. 4). Τέλος, ένας Επίλογος συνοψίζει τα θέματα που εξετάστηκαν παραπάνω (κεφ. 5). Κάθε κεφάλαιο συνοδεύεται από αγγλική μετάφραση και βιβλιογραφική τεκμηρίωση, ενώ πλούσιο εποπτικό υλικό με χάρτες και εικόνες βρίσκεται στο Παράρτημα (κεφ. 6). Ένα τελευταίο κεφάλαιο (κεφ. 7) διαθέτει διαδραστικές ασκήσεις για καλύτερη κατανόηση του υλικού και προετοιμασία των φοιτητών για τις εξετάσεις.</subfield>
  </datafield>
  <datafield tag="650" ind1=" " ind2="0">
   <subfield code="a">Vases, Greek</subfield>
   <subfield code="8">2466</subfield>
  </datafield>
  <datafield tag="653" ind1=" " ind2=" ">
   <subfield code="a">Κοινωνικο-ιστορικό πλαίσιο</subfield>
  </datafield>
  <datafield tag="653" ind1=" " ind2=" ">
   <subfield code="a">Σχήματα αγγείων</subfield>
  </datafield>
  <datafield tag="653" ind1=" " ind2=" ">
   <subfield code="a">Κλασική περίοδος</subfield>
  </datafield>
  <datafield tag="653" ind1=" " ind2=" ">
   <subfield code="a">Αρχαϊκή περίοδος</subfield>
  </datafield>
  <datafield tag="653" ind1=" " ind2=" ">
   <subfield code="a">Αλληλεπιδράσεις</subfield>
  </datafield>
  <datafield tag="653" ind1=" " ind2=" ">
   <subfield code="a">Αθήνα</subfield>
  </datafield>
  <datafield tag="653" ind1=" " ind2=" ">
   <subfield code="a">Θράκη</subfield>
  </datafield>
  <datafield tag="653" ind1=" " ind2=" ">
   <subfield code="a">Εμπόριο</subfield>
  </datafield>
  <datafield tag="653" ind1=" " ind2=" ">
   <subfield code="a">Εικονογραφία</subfield>
  </datafield>
  <datafield tag="653" ind1=" " ind2=" ">
   <subfield code="a">Αττική κεραμική</subfield>
  </datafield>
  <datafield tag="653" ind1=" " ind2=" ">
   <subfield code="a">Ιστορία</subfield>
   <subfield code="a">Αρχαιολογία</subfield>
   <subfield code="a">Αρχαίοι πολιτισμοί</subfield>
  </datafield>
  <datafield tag="653" ind1=" " ind2=" ">
   <subfield code="a">Ιστορία</subfield>
   <subfield code="a">Αρχαιολογία</subfield>
   <subfield code="a">Τοπογραφία ελληνορωμαϊκού κόσμου</subfield>
  </datafield>
  <datafield tag="653" ind1=" " ind2=" ">
   <subfield code="a">Ιστορία</subfield>
   <subfield code="a">Αρχαιολογία</subfield>
   <subfield code="a">Αρχαία ελληνική θρησκεία</subfield>
  </datafield>
  <datafield tag="653" ind1=" " ind2=" ">
   <subfield code="a">Ιστορία</subfield>
   <subfield code="a">Αρχαιολογία</subfield>
   <subfield code="a">Δημόσιος και ιδιωτικός βίος των αρχαίων Ελλήνων</subfield>
  </datafield>
  <datafield tag="653" ind1=" " ind2=" ">
   <subfield code="a">Ιστορία</subfield>
   <subfield code="a">Ειδικές ιστορίες</subfield>
   <subfield code="a">Ιστορία της τέχνης</subfield>
  </datafield>
  <datafield tag="653" ind1=" " ind2=" ">
   <subfield code="a">Ιστορία</subfield>
   <subfield code="a">Αρχαιολογία</subfield>
  </datafield>
  <datafield tag="653" ind1=" " ind2=" ">
   <subfield code="a">Ιστορία</subfield>
   <subfield code="a">Αρχαιολογία</subfield>
   <subfield code="a">Κλασική αρχαιολογία</subfield>
  </datafield>
  <datafield tag="700" ind1="1" ind2=" ">
   <subfield code="a">Τσιαφάκη, Δέσποινα</subfield>
   <subfield code="e">Συγγραφέας</subfield>
   <subfield code="8">1386</subfield>
  </datafield>
  <datafield tag="700" ind1="1" ind2=" ">
   <subfield code="a">Κεφαλίδου, Ευρυδίκη</subfield>
   <subfield code="e">Κριτικός αναγνώστης</subfield>
   <subfield code="8">1387</subfield>
  </datafield>
  <datafield tag="856" ind1="4" ind2="0">
   <subfield code="u">http://hdl.handle.net/11419/3616</subfield>
   <subfield code="z">Πλήρες Κείμενο - Full text</subfield>
  </datafield>
  <datafield tag="907" ind1=" " ind2=" ">
   <subfield code="a">.b25677354</subfield>
   <subfield code="b">12-06-18</subfield>
   <subfield code="c">29-07-16</subfield>
  </datafield>
  <datafield tag="949" ind1=" " ind2=" ">
   <subfield code="0">0</subfield>
   <subfield code="1">0</subfield>
   <subfield code="2">ddc</subfield>
   <subfield code="4">0</subfield>
   <subfield code="6">738_300000000000000_ΑΒΡ</subfield>
   <subfield code="7">0</subfield>
   <subfield code="8">KALL</subfield>
   <subfield code="8">493</subfield>
   <subfield code="d">2016-04-13</subfield>
   <subfield code="r">2016-04-13</subfield>
   <subfield code="w">2016-04-13</subfield>
   <subfield code="z">738.3 ΑΒΡ</subfield>
   <subfield code="o">SEAB KALLIPOS</subfield>
  </datafield>
  <datafield tag="998" ind1=" " ind2=" ">
   <subfield code="a">80</subfield>
   <subfield code="a">01</subfield>
   <subfield code="a">02</subfield>
   <subfield code="a">03</subfield>
   <subfield code="a">04</subfield>
   <subfield code="a">05</subfield>
   <subfield code="a">06</subfield>
   <subfield code="a">07</subfield>
   <subfield code="a">08</subfield>
   <subfield code="a">09</subfield>
   <subfield code="a">10</subfield>
   <subfield code="a">11</subfield>
   <subfield code="a">12</subfield>
   <subfield code="a">13</subfield>
   <subfield code="a">14</subfield>
   <subfield code="a">15</subfield>
   <subfield code="a">16</subfield>
   <subfield code="a">17</subfield>
   <subfield code="a">18</subfield>
   <subfield code="a">19</subfield>
   <subfield code="a">20</subfield>
   <subfield code="a">21</subfield>
   <subfield code="a">22</subfield>
   <subfield code="a">23</subfield>
   <subfield code="a">24</subfield>
   <subfield code="a">25</subfield>
   <subfield code="a">26</subfield>
   <subfield code="b">10-05-17</subfield>
   <subfield code="c">m</subfield>
   <subfield code="d">z  </subfield>
   <subfield code="e">-</subfield>
   <subfield code="f">gre</subfield>
   <subfield code="g">gr </subfield>
   <subfield code="h">0</subfield>
  </datafield>
  <datafield tag="942" ind1=" " ind2=" ">
   <subfield code="2">ddc</subfield>
   <subfield code="c">KALLIPOS</subfield>
  </datafield>
 </record>
</collection>
